• 首页
  • 本馆介绍
  • 公告通知
  • 最新文献
  • 馆藏检索
  • 电子资源
  • 读者导购
  • 参考咨询
  • 我的图书馆
  • 登录
  • 详细信息显示
  • 放入我的书架
  • 预约/预借图书
  • 作者相关作品
  • 分类相关作品
  • 丛书相关作品
  • 出版社相关作品

书目信息

  • 表格格式
  • 工作单格式
  • 卡片格式
题名:
爱因斯坦与大科学的诞生
    
 
作者: 科尔斯 , Coles 著 ;李醒民 译
分册:  
出版信息: 北京   北京大学出版社  2005
页数: 38,101页
开本: 21cm
丛书名: 后现代交锋丛书
单 册:
中图分类: K837.126.11
科图分类:
主题词:
电子资源:
ISBN: 7-301-08479-X
000 01189oam2 2200301 450
001 012007810432
005 20070523090648.31
010    @a7-301-08479-X@dCNY12.80
100    @a20070515d2005 km y0chiy0120 ea
101 1  @achi@ceng
102    @aCN@b110000
105    @aac z 000yd
106    @ar
200 1  @a爱因斯坦与大科学的诞生@Aai yin si tan yu da ke xue de dan sheng@f(英)彼得·科尔斯(Peter Coles)著@F(ying)bi de·ke er si(Peter Coles)zhu@g李醒民译@Gli xing min yi
210    @a北京@c北京大学出版社@d2005
215    @a38,101页@c照片,图@d21cm
225 2  @a后现代交锋丛书
330    @a本书不仅简单地介绍了爱因斯坦的关键观念,而且对“大科学”和大众文化之间的社会学冲突提供了迷人的洞察,这些冲突在今天像它们在爱因斯坦时代一样真实。
461  0 @12001 @a后现代交锋丛书
510 1  @aEinstein and the birth of big science@zeng
600  1 @a爱因斯坦@c(Einstein,Albert@f1879~1955)@x思想评论
600  1 @a爱因斯坦@c(Einstein,Albert@f1879~1955)
690    @aK837.126.11@v4
701  1 @c(英)@a科尔斯@Ake er si@b彼得@4著
701  1 @c(英)@aColes@bPeter@4著
702  0 @a李醒民@Ali xing min@f(1945~)@4译
801  0 @aCN@bRULIN@c20070523
905    @dK837.126.11@e211KE@s8
    
    爱因斯坦与大科学的诞生/(英)彼得·科尔斯(Peter Coles)著/李醒民译.-北京:北京大学出版社,2005
    38,101页:照片,图;21cm.-(后现代交锋丛书)
    
    
    ISBN 7-301-08479-X:CNY12.80
    本书不仅简单地介绍了爱因斯坦的关键观念,而且对“大科学”和大众文化之间的社会学冲突提供了迷人的洞察,这些冲突在今天像它们在爱因斯坦时代一样真实。
●
相关链接 在E读中查询图书 在五车中查询图书 在当当中查询图书 在豆瓣中查询图书


正题名:爱因斯坦与大科学的诞生     索取号:K837.126.11/211KE         预约/预借

序号 登录号 条形码 馆藏地/架位号 状态 备注
1 0576194   205761941   第二样本阅览室/ [索取号:K837.126.11/211KE] 在馆    
2 0576195   205761950   第二借阅区/ [索取号:K837.126.11/211KE] 在馆    
3 0576196   205761969   第二借阅区/ [索取号:K837.126.11/211KE] 在馆    
4 0576197   205761978   第二借阅区/ [索取号:K837.126.11/211KE] 在馆    
5 0576198   205761987   第二借阅区/ [索取号:K837.126.11/211KE] 在馆    
6 0576199   205761996   第二借阅区/ [索取号:K837.126.11/211KE] 在馆    
7 0576200   205762003   第二借阅区/ [索取号:K837.126.11/211KE] 在馆    
8 0576201   205762012   第二借阅区/ [索取号:K837.126.11/211KE] 在馆    
唐山师范学院图书馆 欢迎您!
大连网信软件有限公司© 版权所有